| 000 | 00632nam a2200205 a 4500 | ||
|---|---|---|---|
| 005 | 20250918064121.0 | ||
| 008 | 080219s2002 mx r 000 0 spa d | ||
| 020 | _a968246739X | ||
| 035 | _aUPN01000154287 | ||
| 049 | _aCG | ||
| 050 | 4 |
_aLC5215 _bC3.2 |
|
| 100 | 1 |
_aCázares González, Yolanda María _932390 |
|
| 245 | 1 | 0 |
_aAprendizaje autodirigido en adultos : _bun modelo para su desarrollo / _cYolanda Cázares González. |
| 260 |
_aMéxico : _bTrillas, _c2002. |
||
| 300 | _a204 p. | ||
| 650 | 4 |
_aEducación de adultos _9956 |
|
| 650 | 4 |
_aEducación a distancia _97924 |
|
| 650 | 4 |
_aAutoaprendizaje _91578 |
|
| 905 | _aLibro | ||
| 999 |
_c126404 _d126404 |
||